UBT Library

Chemistry in context: (Record no. 1975)

000 -LEADER
fixed length control field 00319nam a22001217a 4500
008 - FIXED-LENGTH DATA ELEMENTS--GENERAL INFORMATION
fixed length control field 160510b xxu||||| |||| 00| 0 eng d
020 ## - INTERNATIONAL STANDARD BOOK NUMBER
International Standard Book Number 9780073375663
020 ## - INTERNATIONAL STANDARD BOOK NUMBER
International Standard Book Number 0073375667
041 ## - LANGUAGE CODE
Language code of text/sound track or separate title eng
080 ## - UNIVERSAL DECIMAL CLASSIFICATION NUMBER
Universal Decimal Classification number 54
245 ## - TITLE STATEMENT
Title Chemistry in context:
Statement of responsibility, etc Catherine Middlecamp; Steven Keller; Karen Anderson;
942 ## - ADDED ENTRY ELEMENTS (KOHA)
Source of classification or shelving scheme
Item type Books
Holdings
Withdrawn status Lost status Source of classification or shelving scheme Damaged status Not for loan Collection code Permanent location Current location Shelving location Date acquired Total Checkouts Full call number Barcode Date last seen Price effective from Koha item type
          Koleksioni i përgjithshem UBT - Lipjan UBT - Lipjan Koleksioni i përgjithshem 05/10/2016   54 MID 002-028399 05/10/2016 05/10/2016 Books
          Koleksioni i përgjithshem UBT - Lipjan UBT - Lipjan Koleksioni i përgjithshem 04/25/2017   54 MID 002-282608 04/25/2017 04/25/2017 Books
          Koleksioni i përgjithshem UBT - Lipjan UBT - Lipjan Koleksioni i përgjithshem 10/11/2017   316 KEL 002-2930368 10/11/2017 10/11/2017 Books
          Koleksioni i përgjithshem UBT - Lipjan UBT - Lipjan Koleksioni i përgjithshem 10/11/2017   316 KEL 002-2930363 10/11/2017 10/11/2017 Books
UBT Library © 2015-2024. All rights reserved University Education for Business and Technology